Las emisoras de los Estados Unidos : programas en español programas en español
Descripción Física:
3 pàgines no numerades, il·lustracions en blanc i negre ; 23 cm
Materias:
Fons Dolors Canals i Farriols (1913-2010)
; Radiodifusió -- Programes -- Estats Units d'Amèrica
Idioma:
Catalán , Español
MARC
| LEADER | 00000nam a22000007a 4500 | ||
|---|---|---|---|
| 001 | 29064 | ||
| 003 | AGDB | ||
| 005 | 20260324181540.0 | ||
| 008 | 251125b spa||||| |||| 00| 0 cat d | ||
| 040 | |a agdb |b cat | ||
| 041 | |a spa | ||
| 245 | |a Las emisoras de los Estados Unidos : |b programas en español | ||
| 260 | |a Washington, D. C. : |b Coordinador de Asuntos inter-americanos, |c 1945 | ||
| 300 | |a 3 pàgines no numerades, |b il·lustracions en blanc i negre ; |c 23 cm | ||
| 500 | |a Prové del fons Dolors Canals i Farriols (1913-2010) | ||
| 500 | |a Conté referència sobre el programa de ràdio de Dolors Canals "Información puericultora" | ||
| 650 | 0 | |a Fons Dolors Canals i Farriols (1913-2010) |9 72778 | |
| 650 | 0 | |a Radiodifusió |x Programes |z Estats Units d'Amèrica |9 72822 | |
| 942 | |2 udc |c ARXIU |n 1 | ||
| 952 | |0 0 |1 0 |2 udc |4 0 |6 F50315 |7 1 |9 98699 |a Arxiu |b Arxiu |d 2025-11-25 |l 0 |o F-503-15 |p 29064 |r 2025-11-25 12:26:11 |w 2025-11-25 |y ARXIU | ||
| 999 | |c 130433 |d 130433 | ||